[Event "Valencia Autonomico North"]
[Site "Valencia"]
[Date "2004.02.07"]
[Round "4.1"]
[White "Penades Ordaz, Victor"]
[Black "Oltra Caurin, Ramon"]
[Result "1/2-1/2"]
[WhiteElo "2155"]
[BlackElo "2417"]
[PlyCount "76"]
[EventDate "2004.01.17"]
[EventType "team"]
[EventRounds "5"]
[EventCountry "ESP"]
[SourceTitle "CBM 098 Extra"]
[Source "ChessBase"]
[SourceDate "2004.03.10"]
[SourceVersion "2"]
[SourceVersionDate "2004.03.10"]
[SourceQuality "1"]

1. e4 c5 2. Nf3 d6 3. c4 Nf6 4. Nc3 e5 5. d3 Be7 6. Be2 0-0 7. Bd2 Nc6 8. Nd5 Bg4 9. Ng1 Bd7 10. Nxe7+ Nxe7 11. f4 exf4 12. Bxf4 Bc6 13. Nh3 Ng6 14. Bg3 Qb6 15. Qd2 Bd7 16. Nf4 Nxf4 17. Bxf4 Be6 18. 0-0 Nd7 19. Rab1 a5 20. Be3 Ne5 21. b3 Nc6 22. g4 Qb4 23. a4 Nd4 24. Qd1 Qb6 25. Bxd4 cxd4 26. Qd2 Qc6 27. Qg5 Qc5 28. Qf4 Ra6 29. Rbe1 f6 30. h4 Qe5 31. Bd1 Raa8 32. Kg2 Bd7 33. Qd2 b6 34. Rf2 Rae8 35. Ref1 Qc5 36. Kg3 Qe5+ 37. Kg2 Qc5 38. Kg3 Qe5+ 1/2-1/2

[Event "Autonomico-chT"]
[Site "Aragon"]
[Date "2003.??.??"]
[Round "?"]
[White "Oltra Caurin, Ramon"]
[Black "Rodriguez Soler, Rafael"]
[Result "1-0"]
[WhiteElo "2417"]
[BlackElo "2065"]
[PlyCount "79"]
[EventDate "2003.??.??"]
[EventType "team"]
[EventRounds "9"]
[EventCountry "ESP"]
[SourceTitle "EXT 2007"]
[Source "ChessBase"]
[SourceDate "2006.11.23"]
[SourceVersion "1"]
[SourceVersionDate "2006.11.23"]
[SourceQuality "1"]

1. e4 c6 2. d4 d5 3. e5 c5 4. c3 Nc6 5. Nf3 cxd4 6. cxd4 Bg4 7. Bb5 e6 8. 0-0 Qb6 9. Nc3 Bb4 10. Qa4 Bxc3 11. bxc3 Bxf3 12. gxf3 Nge7 13. Ba3 0-0 14. Bxc6 Qxc6 15. Qxc6 Nxc6 16. Bxf8 Kxf8 17. Rfc1 Na5 18. Kf1 b6 19. Ke2 Ke7 20. Kd3 Nc4 21. Rab1 g6 22. Rb4 Rc8 23. f4 Rc7 24. Rcb1 Na3 25. R1b3 Nc4 26. Rb5 a5 27. Rxb6 Nxb6 28. Rxb6 Rc4 29. Kc2 a4 30. Rb7+ Ke8 31. Ra7 h5 32. h4 Kf8 33. Kd2 Ke8 34. Kd3 Kf8 35. a3 Kg7 36. Ra5 Rc7 37. Rxa4 Kf8 38. c4 dxc4+ 39. Rxc4 Ra7 40. a4 1-0

[Event "ESP-chT2"]
[Site "Vila Real"]
[Date "2001.08.16"]
[Round "4"]
[White "Oltra Caurin, Ramon"]
[Black "Cardenas Valero, Joaquin"]
[Result "1/2-1/2"]
[WhiteElo "2413"]
[BlackElo "2265"]
[PlyCount "46"]
[EventDate "2001.08.13"]
[EventType "team"]
[EventRounds "7"]
[EventCountry "ESP"]
[SourceTitle "EXT 2002"]
[Source "ChessBase"]
[SourceDate "2001.11.25"]
[SourceVersion "1"]
[SourceVersionDate "2001.11.25"]
[SourceQuality "1"]

1. d4 Nf6 2. g3 e6 3. Bg2 c5 4. Nf3 Nc6 5. 0-0 cxd4 6. Nxd4 Bc5 7. Nb3 Be7 8. c4 d6 9. Nc3 0-0 10. Nd4 Nxd4 11. Qxd4 a6 12. Rd1 Qc7 13. Na4 Rb8 14. Nb6 e5 15. Qe3 Ng4 16. Qb3 Qc5 17. Rf1 Be6 18. h3 Nf6 19. Be3 Qc7 20. Rac1 Nd7 21. Nd5 Bxd5 22. Bxd5 Kh8 23. f4 f5 1/2-1/2

[Event "ESP-chT2"]
[Site "Vila Real"]
[Date "2001.08.13"]
[Round "1"]
[White "Rivas Vila, David"]
[Black "Oltra Caurin, Ramon"]
[Result "1/2-1/2"]
[WhiteElo "2170"]
[BlackElo "2413"]
[PlyCount "126"]
[EventDate "2001.08.13"]
[EventType "team"]
[EventRounds "7"]
[EventCountry "ESP"]
[SourceTitle "EXT 2002"]
[Source "ChessBase"]
[SourceDate "2001.11.25"]
[SourceVersion "1"]
[SourceVersionDate "2001.11.25"]
[SourceQuality "1"]

1. e4 c5 2. Nc3 d6 3. Nge2 g6 4. d4 cxd4 5. Nxd4 Bg7 6. Be3 Nf6 7. Be2 Nc6 8. Nb3 0-0 9. 0-0 Be6 10. f4 Na5 11. Kh1 Bc4 12. Bd3 Bxd3 13. cxd3 Nc6 14. d4 e6 15. Qe2 d5 16. e5 Nd7 17. Rac1 a6 18. Na4 Qe7 19. a3 Rfc8 20. Bd2 Bf8 21. Rf3 b5 22. Nc3 Qd8 23. f5 exf5 24. Rg3 Nb6 25. Rf1 Kh8 26. Rh3 Ra7 27. Qf2 Nc4 28. Bc1 N6a5 29. Na1 Rd7 30. b4 Nb7 31. Qg3 Qe8 32. Qh4 h5 33. Qf6+ Bg7 34. Qxa6 Ra8 35. Qxb5 Nxa3 36. Bxa3 Rxa3 37. Nc2 Ra8 38. Nxd5 Rad8 39. Nb6 Rc7 40. Qxe8+ Rxe8 41. Na3 Rd8 42. Nb5 Rc6 43. Na4 Bf8 44. Rb3 Ra6 45. Nac3 f6 46. exf6 Rxf6 47. Re1 Rb6 48. h3 Kg8 49. Rd1 Kf7 50. d5 h4 51. Rd4 g5 52. Rc4 Nd6 53. Rc7+ Kg8 54. Nxd6 Bxd6 55. Rc6 Rb7 56. b5 Re7 57. Rb1 Bg3 58. Re6 Rc7 59. Ne2 Rxd5 60. Nxg3 hxg3 61. b6 Rb7 62. Rg6+ Kh7 63. Rxg5 Rxb6 1/2-1/2

[Event "ESP-chT"]
[Site "Barcelona"]
[Date "2000.08.10"]
[Round "6"]
[White "Pelletier, Yannick"]
[Black "Oltra Caurin, Ramon"]
[Result "1/2-1/2"]
[WhiteElo "2474"]
[BlackElo "2417"]
[PlyCount "43"]
[EventDate "2000.08.05"]
[EventType "team"]
[EventRounds "9"]
[EventCountry "ESP"]
[SourceTitle "CBM 077 Extra"]
[Source "ChessBase"]
[SourceDate "2000.09.14"]
[SourceVersion "1"]
[SourceVersionDate "2000.09.14"]
[SourceQuality "1"]

1. Nf3 c5 2. c4 Nc6 3. d4 cxd4 4. Nxd4 Nf6 5. Nc3 g6 6. e4 d6 7. Be2 Bg7 8. Be3 0-0 9. 0-0 Nxd4 10. Bxd4 Be6 11. f4 Rc8 12. b3 Qa5 13. f5 Bd7 14. g4 Bc6 15. Nd5 Bxd5 16. exd5 Nd7 17. Bxg7 Kxg7 18. Rf3 Ne5 19. Rh3 f6 20. a4 Qc5+ 21. Kg2 a5 22. Qd2 1/2-1/2

[Event "ESP-chT"]
[Site "Barcelona"]
[Date "2000.08.09"]
[Round "5"]
[White "Oltra Caurin, Ramon"]
[Black "Acebal Muniz, Antonio"]
[Result "1/2-1/2"]
[WhiteElo "2417"]
[BlackElo "2253"]
[PlyCount "56"]
[EventDate "2000.08.05"]
[EventType "team"]
[EventRounds "9"]
[EventCountry "ESP"]
[SourceTitle "CBM 077 Extra"]
[Source "ChessBase"]
[SourceDate "2000.09.14"]
[SourceVersion "1"]
[SourceVersionDate "2000.09.14"]
[SourceQuality "1"]

1. e4 e5 2. Nf3 Nc6 3. Bb5 a6 4. Ba4 Nf6 5. 0-0 Be7 6. Re1 b5 7. Bb3 d6 8. c3 0-0 9. d3 Na5 10. Bc2 c5 11. Nbd2 Re8 12. Nf1 Bb7 13. h3 Bf8 14. Ng3 g6 15. Be3 d5 16. Qc1 dxe4 17. dxe4 Nc4 18. Bg5 Bg7 19. b3 Nd6 20. Bh6 Qe7 21. Bxg7 Kxg7 22. a4 b4 23. Bd3 a5 24. Nd2 Red8 25. Re3 Rac8 26. Ra2 Nd7 27. Nc4 Nxc4 28. Bxc4 Nb6 1/2-1/2

[Event "Mislata op 7th"]
[Site "Valencia"]
[Date "1998.08.21"]
[Round "9.4"]
[White "Lozano Arribas, Carlos"]
[Black "Oltra Caurin, Ramon"]
[Result "0-1"]
[WhiteElo "2205"]
[BlackElo "2410"]
[PlyCount "54"]
[EventDate "1998.08.13"]
[EventType "swiss"]
[EventRounds "9"]
[EventCountry "ESP"]
[SourceTitle "EXT 2000"]
[Source "ChessBase"]
[SourceDate "1999.11.16"]
[SourceVersion "1"]
[SourceVersionDate "1999.11.16"]
[SourceQuality "1"]

1. Nf3 Nf6 2. d4 g6 3. c4 Bg7 4. g3 0-0 5. Bg2 d5 6. cxd5 Nxd5 7. Nc3 c5 8. 0-0 cxd4 9. Nxd4 Nxc3 10. bxc3 Qa5 11. Qb3 e5 12. Nb5 Be6 13. Qb2 Nc6 14. Bd2 a6 15. Na3 e4 16. Bxe4 Rad8 17. Be1 Rd7 18. Nc2 Qe5 19. Bf3 Bh3 20. e3 Bxf1 21. Kxf1 Qf5 22. Bg2 Ne5 23. Nd4 Qh5 24. Qe2 Qxh2 25. f4 Nc6 26. g4 Nxd4 27. cxd4 Rxd4 0-1

[Event "Mislata op 7th"]
[Site "Valencia"]
[Date "1998.08.20"]
[Round "8.1"]
[White "Korneev, Oleg"]
[Black "Oltra Caurin, Ramon"]
[Result "1-0"]
[WhiteElo "2600"]
[BlackElo "2410"]
[PlyCount "170"]
[EventDate "1998.08.13"]
[EventType "swiss"]
[EventRounds "9"]
[EventCountry "ESP"]
[SourceTitle "EXT 2000"]
[Source "ChessBase"]
[SourceDate "1999.11.16"]
[SourceVersion "1"]
[SourceVersionDate "1999.11.16"]
[SourceQuality "1"]

1. e4 c5 2. Nf3 d6 3. d4 cxd4 4. Nxd4 Nf6 5. Nc3 g6 6. Be3 Bg7 7. f3 Nc6 8. Qd2 0-0 9. 0-0-0 d5 10. exd5 Nxd5 11. Nxc6 bxc6 12. Bd4 e5 13. Bc5 Be6 14. Ne4 Re8 15. h4 h6 16. g4 Qc7 17. g5 h5 18. Bc4 Red8 19. Qf2 a5 20. a4 Qb7 21. Rhe1 Rdb8 22. b3 Kh8 23. Ba3 Nf4 24. Bxe6 Nxe6 25. Nd6 Qc7 26. Nc4 c5 27. Rd5 Rd8 28. Red1 Rxd5 29. Rxd5 Qb7 30. Rd3 Qc7 31. Bb2 Nd4 32. Qe1 Kh7 33. Bc3 f6 34. Bxa5 Qc6 35. Qe4 Qxe4 36. fxe4 fxg5 37. hxg5 Kg8 38. Bb6 Ne6 39. a5 Kf7 40. Rd7+ Kg8 41. Rd1 Kf7 42. Bc7 Ke8 43. Bb6 Nxg5 44. Nd6+ Kf8 45. Nb5 Nxe4 46. Rd8+ Rxd8 47. Bxd8 h4 48. Bxh4 c4 49. b4 Bh6+ 50. Kd1 Ke8 51. a6 Be3 52. Ke2 Bb6 53. a7 Bxa7 54. Nxa7 Nc3+ 55. Kd2 Nd5 56. Nc6 Kd7 57. Nxe5+ Ke6 58. Nxg6 Nxb4 59. Kc3 Nxc2 60. Kxc2 Kf5 61. Ne7+ Kg4 62. Bf6 Kf3 63. Kc3 Ke3 64. Kxc4 Ke4 65. Bd4 Kf3 66. Kd3 Kg2 67. Ke4 Kg3 68. Nf5+ Kg2 69. Be3 Kh2 70. Kf3 Kh3 71. Ng3 Kh2 72. Bd4 Kh3 73. Bg1 Kh4 74. Ne4 Kh3 75. Ng5+ Kh4 76. Kf4 Kh5 77. Kf5 Kh4 78. Bf2+ Kh5 79. Be1 Kh6 80. Ne6 Kh5 81. Ng7+ Kh6 82. Kf6 Kh7 83. Bd2 Kg8 84. Kg6 Kf8 85. Bb4+ Kg8 1-0

[Event "Autonomico-chT"]
[Site "Aragon"]
[Date "1997.??.??"]
[Round "?"]
[White "Carbonell Bofill, Carlos Eloy"]
[Black "Oltra Caurin, Ramon"]
[Result "1/2-1/2"]
[WhiteElo "2240"]
[BlackElo "2405"]
[PlyCount "51"]
[EventDate "1997.??.??"]
[EventType "team"]
[EventRounds "19"]
[EventCountry "ESP"]
[SourceTitle "EXT 2003"]
[Source "ChessBase"]
[SourceDate "2002.11.25"]
[SourceVersion "1"]
[SourceVersionDate "2002.11.25"]
[SourceQuality "1"]

1. d4 Nf6 2. Nf3 g6 3. Bf4 Bg7 4. e3 0-0 5. c3 d6 6. Bc4 c6 7. a4 Nbd7 8. h3 b6 9. 0-0 Bb7 10. Nbd2 a6 11. e4 Nh5 12. Bh2 e5 13. Re1 Qe7 14. Qb3 Nf4 15. Qa3 Rfe8 16. dxe5 dxe5 17. Qxe7 Rxe7 18. g3 Ne6 19. Rad1 Nec5 20. Ng5 b5 21. Bxf7+ Rxf7 22. Nxf7 Kxf7 23. a5 Ke7 24. Re2 Rf8 25. Kg2 Bc8 26. Bg1 1/2-1/2

[Event "Autonomico-chT"]
[Site "Aragon"]
[Date "1997.??.??"]
[Round "?"]
[White "Moreno Carrascosa, Bartolome"]
[Black "Oltra Caurin, Ramon"]
[Result "1/2-1/2"]
[WhiteElo "2230"]
[BlackElo "2405"]
[PlyCount "62"]
[EventDate "1997.??.??"]
[EventType "team"]
[EventRounds "19"]
[EventCountry "ESP"]
[SourceTitle "EXT 2003"]
[Source "ChessBase"]
[SourceDate "2002.11.25"]
[SourceVersion "1"]
[SourceVersionDate "2002.11.25"]
[SourceQuality "1"]

1. Nf3 Nf6 2. g3 g6 3. Bg2 Bg7 4. 0-0 0-0 5. c4 d6 6. Nc3 e5 7. d3 Nc6 8. Rb1 a5 9. a3 Bd7 10. b4 axb4 11. axb4 Qc8 12. Re1 Nd4 13. Nd2 Bc6 14. e3 Bxg2 15. Kxg2 Ne6 16. Nd5 Nxd5 17. cxd5 Nd8 18. Qc2 c6 19. dxc6 bxc6 20. Nc4 Qe6 21. b5 d5 22. Nb6 Rb8 23. Qc5 Re8 24. bxc6 Nxc6 25. Bd2 d4 26. e4 Bf8 27. Qc4 Qxc4 28. Nxc4 f6 29. Rec1 Rxb1 30. Rxb1 Rb8 31. Rxb8 Nxb8 1/2-1/2

[Event "Autonomico-chT"]
[Site "Aragon"]
[Date "1996.??.??"]
[Round "?"]
[White "Lopez Mateo, Pedro Antonio"]
[Black "Oltra Caurin, Ramon"]
[Result "1/2-1/2"]
[WhiteElo "2210"]
[BlackElo "2395"]
[PlyCount "40"]
[EventDate "1996.??.??"]
[EventType "team"]
[EventRounds "9"]
[EventCountry "ESP"]
[SourceTitle "EXT 2002"]
[Source "ChessBase"]
[SourceDate "2001.11.25"]
[SourceVersion "1"]
[SourceVersionDate "2001.11.25"]
[SourceQuality "1"]

1. d4 Nf6 2. c4 g6 3. Nc3 Bg7 4. e4 0-0 5. h4 d6 6. h5 c5 7. d5 b5 8. cxb5 a6 9. bxa6 Nbd7 10. hxg6 fxg6 11. Bh6 Bxh6 12. Rxh6 Ne5 13. f3 Nfg4 14. fxg4 Rxf1+ 15. Kxf1 Qf8+ 16. Nf3 Bxa6+ 17. Kg1 Qxh6 18. Nxe5 Qe3+ 19. Kh1 Qh6+ 20. Kg1 Qe3+ 1/2-1/2

[Event "Mislata op 05th"]
[Site "Mislata"]
[Date "1996.??.??"]
[Round "5"]
[White "Oltra Caurin, Ramon"]
[Black "Arizmendi Martinez, Julen Luis"]
[Result "1/2-1/2"]
[WhiteElo "2405"]
[BlackElo "2265"]
[PlyCount "63"]
[EventDate "1996.08.??"]
[EventType "swiss"]
[EventRounds "9"]
[EventCountry "ESP"]
[SourceTitle "EXT 2000"]
[Source "ChessBase"]
[SourceDate "1999.11.16"]
[SourceVersion "1"]
[SourceVersionDate "1999.11.16"]
[SourceQuality "1"]

1. d4 e6 2. g3 f5 3. Bg2 Nf6 4. c4 d5 5. Nh3 Bd6 6. 0-0 0-0 7. Bf4 Be7 8. Nc3 c6 9. b3 Qe8 10. f3 h6 11. e4 g5 12. Bd2 Qd7 13. cxd5 cxd5 14. exf5 exf5 15. Na4 b6 16. Rc1 Ba6 17. Re1 Ba3 18. Rc3 Nc6 19. Rce3 Rae8 20. Bc3 Rxe3 21. Rxe3 b5 22. Bb2 Bxb2 23. Nxb2 Re8 24. Qd2 Rxe3 25. Qxe3 Qe7 26. Qxe7 Nxe7 27. Kf2 Nc6 28. Ke3 Nb4 29. Kd2 Nc6 30. Ke3 Nb4 31. Kd2 Nc6 32. Ke3 1/2-1/2

[Event "Autonomico-chT"]
[Site "Aragon"]
[Date "1996.??.??"]
[Round "?"]
[White "Oltra Caurin, Ramon"]
[Black "Sanchez Corujo, Jose Ignacio"]
[Result "1-0"]
[WhiteElo "2395"]
[BlackElo "2275"]
[PlyCount "49"]
[EventDate "1996.??.??"]
[EventType "team"]
[EventRounds "9"]
[EventCountry "ESP"]
[SourceTitle "EXT 2002"]
[Source "ChessBase"]
[SourceDate "2001.11.25"]
[SourceVersion "1"]
[SourceVersionDate "2001.11.25"]
[SourceQuality "1"]

1. e4 c5 2. Nf3 e6 3. d4 cxd4 4. Nxd4 a6 5. Bd3 Nf6 6. 0-0 d6 7. Nc3 Be7 8. Kh1 0-0 9. f4 Qc7 10. Qf3 Nc6 11. Be3 Re8 12. Qg3 Bd7 13. Nf3 Nb4 14. e5 Nfd5 15. Bd4 g6 16. Ne4 Nxd3 17. cxd3 Rac8 18. Nfg5 dxe5 19. Bxe5 Qd8 20. Nxh7 Bh4 21. Qh3 Kxh7 22. Ng5+ Kg8 23. Qxh4 Nf6 24. Qh6 Rc2 25. Ne4 1-0

[Event "Mislata op 04th"]
[Site "Mislata"]
[Date "1995.??.??"]
[Round "8"]
[White "Sanchez Guirado, Francisco Javier"]
[Black "Oltra Caurin, Ramon"]
[Result "1/2-1/2"]
[WhiteElo "2345"]
[BlackElo "2390"]
[PlyCount "53"]
[EventDate "1995.08.??"]
[EventType "swiss"]
[EventRounds "9"]
[EventCountry "ESP"]
[SourceTitle "EXT 2000"]
[Source "ChessBase"]
[SourceDate "1999.11.16"]
[SourceVersion "1"]
[SourceVersionDate "1999.11.16"]
[SourceQuality "1"]

1. d4 Nf6 2. Nf3 g6 3. c4 Bg7 4. g3 0-0 5. Bg2 d6 6. 0-0 Nbd7 7. Nc3 e5 8. e4 a6 9. h3 b5 10. dxe5 dxe5 11. Be3 Bb7 12. Qc2 Qe7 13. Rfd1 Rfc8 14. cxb5 axb5 15. Nd2 c6 16. a4 bxa4 17. Nxa4 Bf8 18. Nc4 Qe6 19. Nab6 Rxa1 20. Rxa1 Nxb6 21. Nxb6 Rb8 22. Bc5 Nd7 23. Nxd7 Qxd7 24. Ra7 Bxc5 25. Qxc5 Qd4 26. b4 Bc8 27. Rc7 1/2-1/2

[Event "Mislata op 04th"]
[Site "Mislata"]
[Date "1995.??.??"]
[Round "5"]
[White "Veingold, Aleksandr"]
[Black "Oltra Caurin, Ramon"]
[Result "1-0"]
[WhiteElo "2410"]
[BlackElo "2390"]
[PlyCount "81"]
[EventDate "1995.08.??"]
[EventType "swiss"]
[EventRounds "9"]
[EventCountry "ESP"]
[SourceTitle "EXT 2000"]
[Source "ChessBase"]
[SourceDate "1999.11.16"]
[SourceVersion "1"]
[SourceVersionDate "1999.11.16"]
[SourceQuality "1"]

1. d4 Nf6 2. Nf3 g6 3. c4 Bg7 4. Nc3 d5 5. cxd5 Nxd5 6. e4 Nxc3 7. bxc3 0-0 8. Be2 b6 9. 0-0 Bb7 10. Qd3 c5 11. Bg5 Qd7 12. Rad1 h6 13. Bf4 cxd4 14. cxd4 Ba6 15. Qe3 Bxe2 16. Qxe2 Nc6 17. d5 Na5 18. Be5 Rac8 19. Bxg7 Kxg7 20. h4 Kh7 21. Rd4 Rc5 22. h5 g5 23. Ne5 Qc7 24. Nd3 Rc2 25. Qg4 Qc8 26. Qf3 Qc3 27. Ra4 f5 28. exf5 Rd2 29. Rd1 Rxd1+ 30. Qxd1 Rxf5 31. Qe2 Qa1+ 32. Kh2 Qf6 33. Re4 Qd6+ 34. Kg1 Qxd5 35. Nb4 Qd6 36. Rxe7+ Kg8 37. a3 Rf7 38. Re6 Qc5 39. Nd3 Qxa3 40. Re8+ Rf8 41. Qe6+ 1-0

[Event "Mislata op 03th"]
[Site "Mislata"]
[Date "1994.??.??"]
[Round "5"]
[White "Vassallo Barroche, Mauricio"]
[Black "Oltra Caurin, Ramon"]
[Result "0-1"]
[WhiteElo "2335"]
[BlackElo "2390"]
[PlyCount "88"]
[EventDate "1994.08.??"]
[EventType "swiss"]
[EventRounds "9"]
[EventCountry "ESP"]
[SourceTitle "EXT 2000"]
[Source "ChessBase"]
[SourceDate "1999.11.16"]
[SourceVersion "1"]
[SourceVersionDate "1999.11.16"]
[SourceQuality "1"]

1. Nf3 Nf6 2. g3 g6 3. Bg2 Bg7 4. 0-0 0-0 5. c4 c6 6. d4 d5 7. Qb3 Qb6 8. cxd5 Qxb3 9. axb3 Nxd5 10. Bd2 Na6 11. Ra4 Rd8 12. e3 Bf5 13. Rc1 Nb6 14. Ra3 Nc7 15. Nc3 e5 16. dxe5 Bxe5 17. Ra5 Bf6 18. h4 Bd3 19. Bf1 Bf5 20. Be1 Be6 21. Nd2 Bg7 22. Rca1 a6 23. Nc4 Nbd5 24. Nxd5 Rxd5 25. Bc3 Rad8 26. Kg2 Nb5 27. Bxg7 Kxg7 28. Be2 f6 29. Kf1 Bf5 30. Rc1 Bd3 31. Raa1 Nd6 32. Na5 Bxe2+ 33. Kxe2 Ne4 34. Nxb7 Rd2+ 35. Ke1 R8d5 36. Rc4 Nxf2 37. Rd4 Rxb2 38. Rxa6 Nd3+ 39. Kd1 Rf5 40. Rf4 Nxf4 41. exf4 Rxb3 42. Nd6 Rd5+ 43. Kc2 Rxg3 44. Ra7+ Kh6 0-1

[Event "Autonomico op"]
[Site "Spain"]
[Date "1993.??.??"]
[Round "7"]
[White "Oltra Caurin, Ramon"]
[Black "Anguix Garrido, Juan Francisco"]
[Result "1/2-1/2"]
[WhiteElo "2425"]
[BlackElo "2300"]
[PlyCount "41"]
[EventDate "1992.??.??"]
[EventType "swiss"]
[EventRounds "9"]
[EventCountry "ESP"]
[SourceTitle "EXT 1999"]
[Source "ChessBase"]
[SourceDate "1998.11.16"]
[SourceVersion "1"]
[SourceVersionDate "1998.11.16"]
[SourceQuality "1"]

1. d4 d5 2. Nf3 e6 3. c4 c6 4. cxd5 exd5 5. Nc3 Bd6 6. Bg5 Ne7 7. e3 Bf5 8. Bd3 f6 9. Bh4 Nd7 10. Bg3 Nf8 11. Bxd6 Qxd6 12. Bxf5 Nxf5 13. 0-0 Ng6 14. Qd3 Nfe7 15. b4 0-0 16. Rab1 f5 17. g3 b5 18. a4 a6 19. Ne2 Nc8 20. a5 Qc7 21. Nf4 1/2-1/2

[Event "Benidorm op"]
[Site "Benidorm"]
[Date "1993.??.??"]
[Round "4"]
[White "Oltra Caurin, Ramon"]
[Black "Emms, John M"]
[Result "1/2-1/2"]
[WhiteElo "2405"]
[BlackElo "2450"]
[PlyCount "102"]
[EventDate "1993.??.??"]
[EventType "swiss"]
[EventRounds "9"]
[EventCountry "ESP"]
[SourceTitle "EXT 1997"]
[Source "ChessBase"]
[SourceDate "1996.11.15"]
[SourceVersion "1"]
[SourceVersionDate "1996.11.15"]
[SourceQuality "1"]

1. e4 c5 2. Nf3 e6 3. d4 cxd4 4. Nxd4 a6 5. Bd3 Qc7 6. 0-0 Nf6 7. c4 Nc6 8. Nc2 Ne5 9. Ne3 Qd6 10. Bc2 Qxd1 11. Rxd1 Bc5 12. b3 Nfg4 13. Nc3 Nxe3 14. fxe3 d6 15. h3 Bd7 16. Rb1 Ke7 17. Kf2 Rhc8 18. Bd2 b5 19. cxb5 axb5 20. b4 Bb6 21. Ke2 Rc7 22. Bb3 Nc4 23. Rdc1 Rac8 24. Nd1 Nxd2 25. Kxd2 Rxc1 26. Rxc1 Rxc1 27. Kxc1 Bc6 28. Bc2 d5 29. exd5 Bxd5 30. e4 Bxa2 31. Bd3 Bc4 32. Bxc4 bxc4 33. Nb2 c3 34. Na4 Bd4 35. Kc2 Kd6 36. Nxc3 Ke5 37. Kd3 f5 38. exf5 exf5 39. b5 h5 40. Na4 Bg1 41. Nc3 g5 42. Ne2 Ba7 43. Nc3 g4 44. Na4 Kf4 45. b6 Bb8 46. hxg4 fxg4 47. Ke2 Kg3 48. Kf1 h4 49. Nc3 h3 50. Ne4+ Kf4 51. gxh3 Kxe4 1/2-1/2